Современные образовательные технологии в естественнонаучном образовании (Запись № 10195149)

Подробности
000 -МАРКЕР
контрольное поле 02406nam0a2200421 i 4500
001 - ИДЕНТИФИКАТОР ЗАПИСИ
контрольное поле RU\NLR\BIBL_A\010190546
005 - ИДЕНТИФИКАТОР ВЕРСИИ
контрольное поле 20241115072959.0
010 ## - МЕЖДУНАРОДНЫЙ СТАНДАРТНЫЙ НОМЕР КНИГИ (ISBN)
Номер (ISBN) 9785835614028
Тираж 500
021 ## - НОМЕР ГОСУДАРСТВЕННОЙ РЕГИСТРАЦИИ
Код страны Российская Федерация
Номер 13-101490
035 ## - ДРУГИЕ СИСТЕМНЫЕ НОМЕРА
Идентификатор записи (NILC)RuMoRGB-006711969
035 ## - ДРУГИЕ СИСТЕМНЫЕ НОМЕРА
Идентификатор записи (NLR Aleph) 010190546
100 ## - ДАННЫЕ ОБЩЕЙ ОБРАБОТКИ
Данные общей обработки 20140213d2013 km y0rusy50 ca
101 0# - ЯЗЫК РЕСУРСА
Язык текста, звукозаписи и т.д. русский
102 ## - СТРАНА ПУБЛИКАЦИИ ИЛИ ПРОИЗВОДСТВА
Страна публикации Российская Федерация
105 ## - ПОЛЕ КОДИРОВАННЫХ ДАННЫХ: ТЕКСТОВЫЕ МАТЕРИАЛЫ, МОНОГРАФИЧЕСКИЕ
Кодированные данные о монографическом текстовом документе a|||7||||01yy
200 1# - ЗАГЛАВИЕ И СВЕДЕНИЯ ОБ ОТВЕТСТВЕННОСТИ
Основное заглавие Современные образовательные технологии в естественнонаучном образовании
Сведения, относящиеся к заглавию монография
Первые сведения об ответственности [к.п.н., доц. С. Б. Барашкина, канд. наук, доц. Л. П. Блохина, Т. Г. Фролова и др.]
Последующие сведения об ответственности под общ. ред. к.п.н., доц. С. Б. Барашкиной и канд. наук, доц. Л. П. Блохиной
-- Пенз. гос. ун-т, Пед. ин-т им. В. Г. Белинского [и др.]
210 ## - ПУБЛИКАЦИЯ, РАСПРОСТРАНЕНИЕ И ДР.
Место издания, распространения и т.д. Пенза
Имя издателя, распространителя и т. д. Приволжский Дом знаний
Дата издания, распространения и т.д. 2013
215 ## - ФИЗИЧЕСКАЯ ХАРАКТЕРИСТИКА
Специфическое обозначение материала и объем 118 с.
Другие сведения о физической характеристике ил.
Размеры 21
300 ## - ОБЩИЕ ПРИМЕЧАНИЯ
Текст примечания Авт. указаны на обороте тит.л.
300 ## - ОБЩИЕ ПРИМЕЧАНИЯ
Текст примечания В надзаг. также: О-во "Знание" России, Приволж. Дом знаний
320 ## - ПРИМЕЧАНИЯ О НАЛИЧИИ В ДОКУМЕНТЕ БИБЛИОГРАФИИ / УКАЗАТЕЛЯ
Текст примечания Библиогр.: с. 113-116 (58 назв.)
606 ## - НАИМЕНОВАНИЕ ТЕМЫ КАК ПРЕДМЕТ
Наименование темы Естественные науки
Тематический подзаголовок Преподавание
Системный номер авторитетной/нормативной записи 2165070
Идентификатор авторитетной/нормативной записи RU\NLR\AUTH\661302764
606 ## - НАИМЕНОВАНИЕ ТЕМЫ КАК ПРЕДМЕТ
Наименование темы Дошкольники
Тематический подзаголовок Экологическое воспитание
Системный номер авторитетной/нормативной записи 2108804
Идентификатор авторитетной/нормативной записи RU\NLR\AUTH\661274655
675 ## - УНИВЕРСАЛЬНАЯ ДЕСЯТИЧНАЯ КЛАССИФИКАЦИЯ (UDC/УДК)
Индекс 378.02:5
686 1# - ИНДЕКСЫ ДРУГИХ КЛАССИФИКАЦИЙ
Индекс Ч426.23
686 1# - ИНДЕКСЫ ДРУГИХ КЛАССИФИКАЦИЙ
Индекс Ч486.23
686 1# - ИНДЕКСЫ ДРУГИХ КЛАССИФИКАЦИЙ
Индекс Ч411.352.27
700 #1 - ИМЯ ЛИЦА - ПЕРВИЧНАЯ ОТВЕТСТВЕННОСТЬ
Начальный элемент ввода Барашкина
Часть имени, кроме начального элемента ввода С. Б.
Дополнения к именам, кроме дат канд. пед. наук
Расширение инициалов личного имени Светлана Борисовна
Системный номер авторитетной/нормативной записи 185688
Идентификатор авторитетной/нормативной записи RU\NLR\AUTH\770185739
701 #1 - ИМЯ ЛИЦА - АЛЬТЕРНАТИВНАЯ ОТВЕТСТВЕННОСТЬ
Начальный элемент ввода Блохина
Часть имени, кроме начального элемента ввода Л. П.
Расширение инициалов личного имени Лилия Петровна
701 #1 - ИМЯ ЛИЦА - АЛЬТЕРНАТИВНАЯ ОТВЕТСТВЕННОСТЬ
Код отношения Редактор
Начальный элемент ввода Фролова
Часть имени, кроме начального элемента ввода Е. Ю.
Дополнения к именам, кроме дат преподаватель, дошкольное образование
Расширение инициалов личного имени Елена Юрьевна
Системный номер авторитетной/нормативной записи 131483
Идентификатор авторитетной/нормативной записи RU\NLR\AUTH\770131516
712 02 - НАИМЕНОВАНИЕ ОРГАНИЗАЦИИ - ВТОРИЧНАЯ ОТВЕТСТВЕННОСТЬ
Код отношения Прочие
Начальный элемент ввода Пензенский государственный университет
Структурное подразделение Педагогический институт им. В. Г. Белинского
Системный номер авторитетной/нормативной записи 826997
Идентификатор авторитетной/нормативной записи RU\NLR\AUTH\880580685
801 #0 - ИСТОЧНИК ЗАПИСИ
Страна Российская Федерация
Организация RuMoRKP
Дата составления 20131216
Правила каталогизации RCR
801 #2 - ИСТОЧНИК ЗАПИСИ
Страна Российская Федерация
Организация РГБ
Дата составления 20140114
Правила каталогизации rcr
942 ## - ДОПОЛНИТЕЛЬНЫЕ ЭЛЕМЕНТЫ ЗАПИСИ (АБИС)
Тип экземпляра АБИС Книга
980 ## - КОЛЛЕКЦИЯ
Название коллекции НБР

Нет доступных экземпляров.